000 00714nam a2200265Ia 4500
003 OSt
005 20220912151750.0
006 a|||||r|||| 00| 0
007 ta
008 220909b |||||||| |||| 00| 0 eng d
024 _a41947
037 _cTextual
040 _aCSL
_beng
_cCSL
041 _aeng
082 _aD65,8(B)92, M8
100 _aDijkstra Edsgen W
245 0 _aMethod of programming
260 _aWorkingham
_bAddison-Wesley
_c1988
300 _a188p.
_ccm.
650 _a Computer programming language
650 _aComputer science
700 _a Feijen W H J
942 _hD65,8(B)92, M8
_cTEXL
_2CC
999 _c75023
_d75023